| 000 | 00861nam a2200193 a 4500 | ||
|---|---|---|---|
| 001 | 000045209 | ||
| 005 | 20260305073951.0 | ||
| 008 | 150210s1995 dr a 000 0 spa d | ||
| 040 |
_aDO-SdBNP _bspa _cBNPHU |
||
| 082 |
_axxxx _bM938i |
||
| 100 | 1 |
_aMoya Pons, Frank, _d1944- _92095 |
|
| 245 | 1 | 0 |
_aIndicadores de las microempresas en la República Dominicana 1994-1995 / _cFrank Moya Pons, Marina Ortiz ; presentación Mario Dávalos. |
| 260 |
_aSanto Domingo : _bFONDOMICRO, _c1995. |
||
| 300 |
_axxx, 201 p. ; _c27 cm. |
||
| 505 | 0 |
_aIndicadores de las empresas -- _tIndicadores de los propietarios -- _tMicroempresas de mujeres -- _tEmpresas nuevas -- _tEmpresas desaparecidas -- |
|
| 700 | 1 | 2 |
_aOrtiz, Marina _910383 |
| 700 | 1 | 2 |
_aDávalos, Mario, _epres. _99529 |
| 710 | 2 | 2 |
_aFondo para el Financiamiento de la Microempresa(FONDOMICRO), República Dominicana _973221 |
| 999 |
_c44698 _d44698 |
||